000 00548nam a2200193Ia 4500
999 _c31720
_d31720
003 OSt
005 20200728102856.0
008 190216s9999||||xx |||||||||||||| ||und||
020 _a9788173713002
040 _coclc
082 _a510.3
_bDAI/D
100 _aDaintith, John
_93805
245 0 _aMathematics Dictionary /
_cJohn Daintith ; John O E Clark
250 _a3rd Ed.
260 _bUniversity Press,
_c2000.
_aHyderbad:
300 _a241p
650 _aMathematics
942 _cBK
_2ddc
_h510.3
_iDAI/D
_k510.3
_mDAI/D